00704 2200217 4500001002100000005001700021008004100038035002400079041000800103043001500111082000800126090001900134100003200153245015300185250001100338260004300349300002800392650003900420850001200459999001500471YOGYA-0209000004150220090227025758.0 ind  0010-020900000041502 aInd aYOPDYOG(B) a352 aYOG 352bYog K aYOGYAKARTA. Daerah Istimewa aKeterangan pertanggungjawaban Gubernur kepala daerah Istimewa Yogyakarta kepada dewan perwakilan rakyat daerah Prop. DIY tentang hasil pelaksanaan.. aCet. 1 aYogyakartabPemerintah Prop. DIYc1997 av, 368 hlmbilusc21 cm aKepala daerah - Pertanggungjawaban aYOPDYOG a07A0022976